000 00580nam a22002177a 4500
005 20170124110107.0
010 _a971892
020 _c00.00
_a0860510670
035 _a971892
037 _bCen Lib/Ret
040 _aDPL
_bEN
082 _aS
_bCOR
100 _aCore, Alan
_928412
245 _aThe punch book of short stories /
_cby Alan Coren
260 _aGreat Britain
_bRobson books
_c1979
270 _bGreat Britain
300 _a192p.
_c21cm(Hb)
650 _aEnglish literature
_928413
650 _aEnglish short stories
_928414
942 _2ddc
_cEN
_hS
_mCOR
999 _c130086
_d130086